Les victoires de la musique 2025 - Statistiques

Statistiques générales
  • Ce quiz a été pris 71 fois
  • Le résultat moyen est 5 sur 13
Statistiques - réponses
Prix Réponse % Correct
Artiste masculin de l'année Gims
71%
Révélation masculine Pierre Garnier
65%
Chanson originale de l'année (interprète) Pierre Garnier
65%
Album de l'année (interprète) Santa
58%
Artiste féminine de l'année Zaho de Sagazan
40%
Chanson originale de l'année (titre) Ceux qu'on était
26%
Meilleur concert Les cérémonies d’ouverture et de clôture des Jeux olympiques et paralympiques de Paris 2024
26%
Révélation féminine Solann
25%
Victoire d’honneur Sylvie Vartan
22%
Album de l'année (nom) Recommence-moi
20%
Révélation scène de l'année Yoa
20%
Victoire d’honneur Eddy Mitchell
18%
Création audiovisuelle de l’année DJ Mehdi : Made in France
12%
Aucun quiz correspondant
Distribution des résultats
% des personnes avec chaque résultat
Percentile par nombre de réponses
Votre historique - résultats
Vous n’avez pas pris ce quiz